Integral Humanism : (Record no. 195414)

MARC details
000 -LEADER
fixed length control field 00602nam a22001937a 4500
005 - DATE AND TIME OF LATEST TRANSACTION
control field 20230327170925.0
010 ## - LCCN (DPL NO)
LC control number ENG-136512
020 ## - INTERNATIONAL STANDARD BOOK NUMBER
Terms of availability 895.00
International Standard Book Number 9789386714978
035 ## - SYSTEM CONTROL NUMBER
System control number EN-120044
037 ## - SOURCE OF ACQUISITION
Source of stock number/acquisition DBAD/PUB
082 ## - DEWEY DECIMAL CLASSIFICATION NUMBER
Classification number 181.4
245 ## - TITLE STATEMENT
Title Integral Humanism :
Remainder of title Revisited in conteporary India/
Statement of responsibility, etc Edited By Shyam Kartik Sharma
250 ## - EDITION STATEMENT
Edition statement first
260 ## - PUBLICATION, DISTRIBUTION, ETC. (IMPRINT)
Place of publication, distribution, etc NEW DELHI
Name of publisher, distributor, etc KUNAL BOOKS
Date of publication, distribution, etc 2019
270 ## - ADDRESS
City NEW DELHI
Postal code 110002
Address 4648/21 1ST FLOOR, ANSARI ROAD,DARYAGANJ
300 ## - PHYSICAL DESCRIPTION
Extent xiii 284p;
Dimensions 22cm(hbk)
700 ## - ADDED ENTRY--PERSONAL NAME
Personal name MISHRA, KARTIK
Relator term Editor
942 ## - ADDED ENTRY ELEMENTS (KOHA)
Source of classification or shelving scheme Dewey Decimal Classification
Item type English Books
Classification part 181.4
Call number suffix INT
Holdings
Withdrawn status Lost status Not for loan Collection code Home library Current library Date acquired Source of acquisition Cost, normal purchase price Full call number Barcode Copy number Cost, replacement price Koha item type
      Non-fiction Shahdara Branch Shahdara Branch 27/03/2023 DBAD/PUB 895.00 181.4 INT EN-120044 1 895.00 English Books

© Delhi Public Library
Hit Counter
free hit counter